USA States That Border Either Canada Or Mexico - Statistics

General Stats
  • This quiz has been taken 2,855 times
    2,826 since last reset
  • The average score is 13 of 15
Answer Stats
Hint Answer % Correct
Mexico Texas
98%
Mexico New Mexico
95%
Mexico California
94%
Canada Washington
94%
Mexico Arizona
93%
Canada Maine
88%
Canada Montana
88%
Canada Michigan
87%
Canada North Dakota
87%
Canada New York
84%
Canada Vermont
79%
Canada Idaho
77%
Canada Minnesota
77%
Canada New Hampshire
73%
Canada Alaska
46%
No matching quizzes found
Score Distribution
Percent of People with Each Score
Percentile by Number Answered
Your Score History
You have not taken this quiz since the last reset